School teachers' perceptions on the role of school resource centre and its impact on information literacy programmes a study of five secondary schools in Gombak district /
Saved in:
| Main Author: | |
|---|---|
| Format: | Thesis |
| Language: | English |
| Published: |
Gombak, Selangor :
Kulliyyah of Information and Communication Technology, International Islamic University Malaysia,
2009
|
| Subjects: | |
| Online Access: | http://studentrepo.iium.edu.my/handle/123456789/5528 |
| Tags: |
Add Tag
No Tags, Be the first to tag this record!
|
| LEADER | 022820000a22003970004500 | ||
|---|---|---|---|
| 001 | 470104 | ||
| 005 | 20230420120537.0 | ||
| 008 | 100301t2009 my a g 000 0 eng d | ||
| 035 | |a (Sirsi) 470104 | ||
| 040 | |a UIAM |b eng | ||
| 043 | |a amy-- | ||
| 050 | 0 | 0 | |a LB1775.4.M42.G66 |
| 100 | 0 | |a Norhiyah Mohamad Noor |9 71252 | |
| 245 | 1 | 0 | |a School teachers' perceptions on the role of school resource centre and its impact on information literacy programmes |b a study of five secondary schools in Gombak district / |c by Norhiyah Mohamad Noor |
| 260 | |a Gombak, Selangor : |b Kulliyyah of Information and Communication Technology, International Islamic University Malaysia, |c 2009 | ||
| 300 | |a xvii, 170 leaves : |b ill. ; |c 30 cm. | ||
| 336 | |2 rdacontent | ||
| 337 | |2 rdamedia | ||
| 338 | |2 rdacarrier | ||
| 500 | |a "A dissertation submitted in partial fulfilment of the requirements for the degree of Master of Library and Information Science (MLIS)".--On t.p. | ||
| 500 | |a Abstract in English and Arabic. | ||
| 502 | |a Thesis (MLIS) -- International Islamic University Malaysia, 2009. | ||
| 504 | |a Includes bibliographical references (leaves 137-143). | ||
| 650 | 0 | |a High school teachers |x Psychology |z Malaysia Selangor Gombak |9 71253 | |
| 650 | 0 | |a School libraries |z Malaysia Selangor Gombak |9 71254 | |
| 650 | 0 | |a Information literacy |z Malaysia Selangor Gombak |9 71255 | |
| 655 | 0 | 7 | |a Theses, IIUM local |
| 690 | 0 | |a Dissertation, Academic |x Department of Library and Information Science |z IIUM |9 71256 | |
| 710 | 2 | |a International Islamic University Malaysia. |b Department of Library and Information Science |9 2046 | |
| 856 | 4 | |u http://studentrepo.iium.edu.my/handle/123456789/5528 | |
| 900 | |a hj-fs | ||
| 942 | |2 lcc |n 0 | ||
| 999 | |c 434516 |d 464611 | ||
| 952 | |0 0 |6 T LB 001775.4 M42 G66 N839S 2009 |7 0 |8 THESES |9 752987 |a IIUM |b IIUM |c MULTIMEDIA |g 0.00 |o t LB 1775.4 M42 G66 N839S 2009 |p 00011275535 |r 2017-10-19 |t 1 |v 0.00 |y THESIS | ||
| 952 | |0 0 |6 LU T LB 1775.4 M42 G66 N839S 2009 |7 0 |8 THESES |9 754140 |a IIUM |b IIUM |c CLOSEACCES |g 0.00 |o lu t LB 1775.4 M42 G66 N839S 2009 |p 00011119045 |r 2017-10-25 |t 1 |v 0.00 |y THESIS | ||
| 952 | |0 0 |6 TS CDF LB1775.4M42G66N839S 2009 |7 0 |8 THESES |9 836724 |a IIUM |b IIUM |c MULTIMEDIA |g 0.00 |o ts cdf LB1775.4M42G66N839S 2009 |p 00011107490 |r 2017-10-27 |t 1 |v 0.00 |y THESISDIG | ||
